| Tag |
First Indicator |
Second Indicator |
Subfields |
| LEADER |
00000cam a22000001a 4500 |
| 001 |
in00002139341 |
| 006 |
m e d # |
| 007 |
cr mn mmmmabba |
| 008 |
860401s1796 ncu s 000 0 eng d |
| 005 |
20260330214802.0 |
| 035 |
|
|
|z w035631
|
| 035 |
|
|
|a MAAR8604013708B
|
| 035 |
|
|
|9 mwa91-53139
|
| 035 |
|
|
|a 341240
|
| 035 |
|
|
|a aas03035631
|
| 040 |
|
|
|a MWA
|c MWA
|e bdrb
|d UtOrBLW
|
| 110 |
2 |
|
|a Neuse Baptist Association.
|
| 245 |
1 |
0 |
|a Minutes of the Neuse Baptist Association :
|b held at Chechinquamin Chapel, Jones County, October, 1796.
|
| 264 |
|
3 |
|a Newbern [N.C.] :
|b Printed and sold by Francois-Xavier Martin. Price one shilling,
|c [1796]
|
| 300 |
|
|
|a 4 unnumbered pages ;
|c 26 cm.
|
| 336 |
|
|
|a text
|b txt
|2 rdacontent
|
| 337 |
|
|
|a computer
|b c
|2 rdamedia
|
| 338 |
|
|
|a online resource
|b cr
|2 rdacarrier
|
| 500 |
|
|
|a Caption title.
|
| 500 |
|
|
|a Imprint from colophon.
|
| 510 |
4 |
|
|a Bristol
|c B9470
|
| 510 |
4 |
|
|a Shipton & Mooney
|c 47716
|
| 530 |
|
|
|a Microform version available in the Readex Early American Imprints series.
|
| 533 |
|
|
|a Electronic text and image data.
|b [Chester, Vt. :
|c Readex, a division of Newsbank, Inc.,
|d 2002-2004.
|e Includes files in TIFF, GIF and PDF formats with inclusion of keyword searchable text.
|f (Early American imprints. First series ; no. 47716).
|
| 500 |
|
|
|a Electronic resource.
|
| 650 |
|
0 |
|a Baptist associations.
|
| 752 |
|
|
|a United States
|b North Carolina
|d New Bern.
|
| 830 |
|
0 |
|a Early American imprints.
|n Series I,
|p Evans (1639-1800) ;
|v no. 47716.
|
| 856 |
4 |
1 |
|u http://proxy.library.tamu.edu/login?url=https://opac.newsbank.com/select/evans/47716
|y Evans Digital Edition
|t 0
|
| 999 |
|
|
|a MARS
|
| 999 |
f |
f |
|s 70541211-8470-3b45-8640-cab7953dee2d
|i 24fbae21-ac3c-3f80-8e53-77b9b9373420
|t 0
|
| 952 |
f |
f |
|a Texas A&M University
|b College Station
|c Electronic Resources
|s www_evans
|d Available Online
|t 0
|h No information provided
|
| 998 |
f |
f |
|t 0
|l Available Online
|